000 00420nam a2200145Ia 4500
008 220217s9999||||xx |||||||||||||| ||und||
020 _a81-7808-446-5
082 _a004.22 WIL
100 _aStalling, William
_91932
245 0 _aComputer organization and architecture: Designing fpr perfor
250 _a5th
260 _aPearson education asia
_bDelhi
_c2000
300 _b0
650 _aCOMPUTER ARCHITECTURE
999 _c167820
_d167820